000 004380000a22001330004500
001 13061
041 0 _aENG
082 0 4 _aAV 0011
245 1 0 _aEducaction newsletter / World Council Churches
300 _a16 Pag
500 _aFolleto
505 0 0 _a- Christian education in pluralist societies - The role of religion in the search for harmony - Working together in a multicultural, multifaith community in Toronto, Canada
942 _cBK
999 _c42055
_d42055